Operations research : an introduction /

محفوظ في:
التفاصيل البيبلوغرافية
المؤلف الرئيسي: Taha, Hamdy A.
التنسيق: كتاب
منشور في: New Delhi : Prentice Hall c2003
الطبعة:7th ed.
الموضوعات:
الوسوم: إضافة وسم
لا توجد وسوم, كن أول من يضع وسما على هذه التسجيلة!

MARC

LEADER 00000cam a22000008i 4500
020 |a 8120322355  |c TZS19189.02 
040 |a MUL  |b eng  |e AACR 
082 0 0 |a 607.2658.4034 TAH 
100 |a Taha, Hamdy A. 
245 0 0 |a Operations research :  |b an introduction /  |c Hamdy A.Taha 
250 |a 7th ed. 
260 |a New Delhi :  |b Prentice Hall  |c c2003 
300 |a xvii,830 p. :  |b ill. ;  |c 24 cm 
504 |a Includes index. 
546 |a eng 
650 0 |a Operations research. 
942 |c BK 
999 |c 5452  |d 5452